[Event "AUTO-MASTER-540"]
[Site "http://www.queenalice.com/game.php?id=414118"]
[Date "2008.6.6"]
[Round "1"]
[White "TheBigSid"]
[Black "tempii"]
[Result "1/2-1/2"]
[WhiteElo "2132"]
[BlackElo "2163"]

1. d4 Nf6 2. c4 d6 3. Nc3 g6 4. e4 Bg7 5. h3 O-O 6. Nf3 c5 7. d5 e6 8. Be2 a6 9.
a4 exd5 10. exd5 Nbd7 11. O-O Re8 12. Bg5 Ne5 13. Qd2 Qa5 14. Bxf6 Bxf6 15. Ne4
Nxf3+ 16. Bxf3 Qxd2 17. Nxd2 Bxb2 18. Rab1 Be5 19. Rfe1 Rb8 20. Ne4 Bf5 21. Rb6
Bxe4 22. Bxe4 Bc3 23. Re2 f5 24. Bd3 Be5 25. g3 Kf7 26. Kg2 f4 27. Kf3 fxg3 28.
fxg3 Ke7 29. Kg4 Kd7 30. Rf2 Re7 31. h4 Kc7 32. Rb1 Rd8 33. Rbf1 Rg8 34. Rf7 Rg7
35. Rf8 Bd4 36. R1f3 h5+ 37. Kh3 g5 38. hxg5 Rxg5 39. R8f7 Kd7 40. Bf5+ Kd8 41.
Be6 Rg7 42. Kh4 Rexf7 43. Rxf7 Rxf7 44. Bxf7 Be5 45. Bxh5 Kc7 46. Bg4 b5 47.
axb5 axb5 48. cxb5 c4 49. Bd1 Kb6 50. Kg4 Kxb5 51. Kf3 Kc5 52. Ke4 Bxg3 53. Bc2
Be5 54. Bd1 Kb4 55. Ke3 Kc3 56. Ba4 Bd4+ 57. Ke2 Bc5 58. Kd1 Ba3 59. Bb5 Kb3 60.
Ba6 Kc3 61. Bb5 Kd3 62. Bc6 Kc3 63. Ba4 Kb4 1/2-1/2

[Event "AUTO-MASTER-540"]
[Site "http://www.queenalice.com/game.php?id=414119"]
[Date "2008.6.6"]
[Round "1"]
[White "tempii"]
[Black "TheBigSid"]
[Result "0-1"]
[WhiteElo "2135"]
[BlackElo "2110"]

1. d4 d5 2. Nf3 Nf6 3. c4 e6 4. g3 b6 5. Bg2 Bb7 6. Nbd2 Be7 7. Ne5 Nbd7 8. cxd5
Nxd5 9. O-O O-O 10. Ndf3 Nxe5 11. Nxe5 c5 12. dxc5 Bxc5 13. Nd3 Be7 14. Bd2 Rc8
15. e4 Nf6 16. e5 Bxg2 17. exf6 Bxf6 0-1

[Event "AUTO-MASTER-540"]
[Site "http://www.queenalice.com/game.php?id=414130"]
[Date "2008.6.6"]
[Round "1"]
[White "josecastroman"]
[Black "tempii"]
[Result "0-1"]
[WhiteElo "1928"]
[BlackElo "2128"]

1. e4 c5 2. Nf3 d6 3. h3 Nf6 4. Nc3 a6 5. Bc4 b5 6. Bd5 Nxd5 7. Nxd5 Bb7 8. d3
e6 9. Ne3 Be7 10. a3 Nd7 11. O-O O-O 12. Nh2 d5 13. exd5 exd5 14. c3 Nf6 15.
Neg4 d4 16. c4 bxc4 17. dxc4 Qb6 18. Bg5 Nxg4 19. Bxe7 Nxh2 20. Bxf8 Qc6 21. f3
Nxf1 22. Qxf1 Rxf8 23. Qd3 Re8 24. Rf1 Qe6 25. b3 Qe3+ 0-1

[Event "AUTO-MASTER-540"]
[Site "http://www.queenalice.com/game.php?id=414131"]
[Date "2008.6.6"]
[Round "1"]
[White "tempii"]
[Black "josecastroman"]
[Result "1-0"]
[WhiteElo "2122"]
[BlackElo "1961"]

1. d4 d5 2. Nf3 Nc6 3. c4 Nf6 4. cxd5 Qxd5 5. Nc3 Qd8 6. d5 Nb8 7. Bg5 h6 8. Bf4
a6 9. e4 Bg4 10. Be2 e6 11. Qb3 b6 12. h3 Bxf3 13. Bxf3 Bc5 14. dxe6 O-O 15. e5
Nh7 16. Rd1 1-0

[Event "AUTO-MASTER-540"]
[Site "http://www.queenalice.com/game.php?id=414136"]
[Date "2008.6.6"]
[Round "1"]
[White "philipp84lemke"]
[Black "tempii"]
[Result "0-1"]
[WhiteElo "2079"]
[BlackElo "2153"]

1. d4 Nf6 2. c4 d6 3. Nc3 g6 4. g3 Bg7 5. Bg2 c6 6. Nf3 O-O 7. O-O Nbd7 8. e4 e5
9. h3 Nb6 10. b3 exd4 11. Nxd4 Qe7 12. Bb2 Be6 13. f4 Bd7 14. Qd3 Rad8 15. Rae1
Ne8 16. Ba3 f5 17. e5 c5 18. Nd5 Nxd5 19. Bxd5+ Kh8 20. exd6 Qxd6 21. Ne6 Bxe6
22. Rxe6 Qxe6 23. Bxe6 Rxd3 24. Bxc5 Bd4+ 25. Bxd4+ Rxd4 26. Bd5 Nd6 27. Re1 Ne4
28. Bxb7 Nxg3 29. Kh2 Ne4 30. Re2 Rb8 31. Bd5 Kg7 32. Kg2 a5 33. Kf3 Rd3+ 34.
Kg2 a4 35. bxa4 Ra3 36. Bxe4 fxe4 37. Rxe4 Rxa2+ 38. Kf3 Rxa4 39. Kg4 Rb7 0-1

[Event "AUTO-MASTER-540"]
[Site "http://www.queenalice.com/game.php?id=414137"]
[Date "2008.6.6"]
[Round "1"]
[White "tempii"]
[Black "philipp84lemke"]
[Result "1-0"]
[WhiteElo "2154"]
[BlackElo "2119"]

1. d4 d5 2. Nf3 Nf6 3. c4 e6 4. Nc3 c5 5. cxd5 exd5 6. Bg5 cxd4 7. Nxd4 Be7 8.
e3 Nc6 9. Bb5 Bd7 10. O-O Nxd4 11. Qxd4 Bc6 12. Bxc6+ bxc6 13. Qa4 Qd6 14. Rfd1
O-O 15. e4 Qe5 16. Bxf6 gxf6 17. exd5 Bd6 18. g3 cxd5 19. Rxd5 Qe6 20. Rh5 Rab8
21. Qc2 f5 22. Rxf5 Qg6 23. Rd1 Rfe8 24. Nd5 Kh8 25. Ne3 Be5 26. b3 Rbc8 27. Qe2
Bc7 28. Qf3 Rf8 29. Rd7 Bb6 30. Nd5 Qc6 31. Rfxf7 Rxf7 32. Qxf7 Qc1+ 33. Kg2 1-0

[Event "AUTO-MASTER-542"]
[Site "http://www.queenalice.com/game.php?id=416030"]
[Date "2008.6.11"]
[Round "1"]
[White "tempii"]
[Black "dante72"]
[Result "1-0"]
[WhiteElo "2166"]
[BlackElo "1819"]

1. d4 d5 2. Nf3 Nc6 3. c4 Bg4 4. Nc3 Bxf3 5. exf3 e6 6. cxd5 exd5 7. Bb5 Ne7 8.
O-O a6 9. Ba4 g6 10. Re1 Bg7 11. Bg5 f6 12. Bf4 O-O 13. Bb3 Na5 14. Rc1 b5 15.
a3 c6 16. Ne4 Nxb3 17. Qxb3 Kh8 18. Nc5 Qc8 19. Rxe7 Re8 20. Qe3 Rxe7 21. Qxe7
Qf8 22. Re1 Qg8 23. h3 h5 24. Qb7 Qc8 25. Qxc8+ Rxc8 26. Re7 g5 27. Bg3 Bf8 28.
Re6 Bxc5 29. dxc5 Kg7 30. h4 Kf7 31. Re1 Re8 32. Kf1 Rd8 33. hxg5 fxg5 34. Bd6
a5 35. Re7+ Kf6 36. Ra7 Rc8 37. Rxa5 Kf5 38. Ra7 g4 39. f4 Ke4 40. Ke2 d4 41.
Re7+ Kf5 42. g3 Kf6 43. Kd3 Kf5 44. Kxd4 Kf6 45. Rc7 Rxc7 46. Bxc7 Kf5 47. b3
Ke6 48. Ke4 Kf6 49. a4 1-0

[Event "AUTO-MASTER-542"]
[Site "http://www.queenalice.com/game.php?id=416031"]
[Date "2008.6.11"]
[Round "1"]
[White "dante72"]
[Black "tempii"]
[Result "0-1"]
[WhiteElo "1884"]
[BlackElo "2162"]

1. e4 c5 2. Bc4 Nc6 3. Nf3 e6 4. d4 cxd4 5. Nxd4 Qc7 6. c3 Nf6 7. f3 Bc5 8. Be3
Nxd4 9. Bxd4 Bxd4 10. cxd4 Qxc4 11. Na3 Qb4+ 12. Qd2 Qxd2+ 13. Kxd2 d5 14. e5
Nh5 15. Nb5 O-O 16. g3 Bd7 17. Nd6 Bc6 18. Rac1 f6 19. Rhf1 fxe5 20. dxe5 g6 21.
f4 Ng7 22. g4 Ne8 23. Nxe8 Rfxe8 24. Rce1 Re7 25. Re2 Bb5 26. Rfe1 Bxe2 27. Rxe2
Rc8 28. h4 Rc4 29. Ke3 Rec7 30. h5 Rc2 31. Rxc2 Rxc2 32. b4 Rxa2 33. Kd4 Kf7 34.
hxg6+ hxg6 35. f5 Rg2 36. fxe6+ Kxe6 37. b5 Rxg4+ 38. Kc5 Rc4# 0-1

[Event "AUTO-MASTER-542"]
[Site "http://www.queenalice.com/game.php?id=416032"]
[Date "2008.6.11"]
[Round "1"]
[White "tempii"]
[Black "razoman"]
[Result "1-0"]
[WhiteElo "2138"]
[BlackElo "1982"]

1. d4 e6 2. Nf3 h6 3. g3 d5 4. c4 Nf6 5. Bg2 c6 6. O-O dxc4 7. Ne5 Be7 8. Nxc4
O-O 9. Nc3 Nbd7 10. e4 Nb6 11. b3 Bb4 12. Bb2 Nxc4 13. bxc4 Qa5 14. Qb3 Bxc3 15.
Bxc3 Qh5 16. e5 Nh7 17. Rae1 Ng5 18. f4 Nh3+ 19. Kh1 Rb8 20. Qd1 Qxd1 21. Rxd1
Nxf4 22. Rxf4 Bd7 23. Rdf1 a5 24. Bxa5 b6 25. Bb4 Rfd8 26. Rxf7 c5 27. dxc5 bxc5
28. Ba5 Rf8 29. Rxf8+ Rxf8 30. Rxf8+ Kxf8 31. Bb6 1-0

[Event "AUTO-MASTER-542"]
[Site "http://www.queenalice.com/game.php?id=416033"]
[Date "2008.6.11"]
[Round "1"]
[White "razoman"]
[Black "tempii"]
[Result "0-1"]
[WhiteElo "1883"]
[BlackElo "2147"]

1. e4 c5 2. Nf3 d6 3. h3 Nf6 4. Nc3 a6 5. Be2 Nc6 6. O-O g6 7. d4 cxd4 8. Nxd4
Bg7 9. Nb3 O-O 10. Be3 b5 11. Bf3 Bb7 12. e5 dxe5 13. Qxd8 Nxd8 14. Bxb7 Nxb7
15. Bb6 Nd6 16. Nc5 Rac8 17. Nd3 e4 18. Nf4 Nc4 19. Nfd5 Nxd5 20. Nxd5 Rfe8 21.
Nc7 Nxb6 22. Nxe8 Rxe8 23. c3 Nc4 24. Rfe1 Nxb2 25. Rxe4 Bxc3 26. Rb1 Nc4 27.
Rc1 Bf6 28. a4 Rb8 29. g3 Nd6 30. Re2 b4 31. Rc6 b3 32. Re1 b2 33. Rb1 Ne4 34.
Rc2 Rd8 35. Kg2 Nd2 36. Rbxb2 Bxb2 37. Rxb2 Rd4 38. h4 Ne4 39. a5 Ra4 40. Re2 e6
41. Kf3 Nc5 42. Rd2 Kf8 43. Rd8+ Ke7 44. Rh8 h5 45. Ra8 Rxa5 46. Kf4 Nd3+ 47.
Ke3 Ne5 48. f3 Ra3+ 49. Ke4 Nxf3 0-1

[Event "AUTO-MASTER-542"]
[Site "http://www.queenalice.com/game.php?id=416034"]
[Date "2008.6.11"]
[Round "1"]
[White "tempii"]
[Black "anandya"]
[Result "0-1"]
[WhiteElo "2147"]
[BlackElo "1913"]

1. d4 d5 2. Nf3 Nc6 3. c4 e6 4. Nc3 Bb4 5. a3 Bxc3+ 6. bxc3 Nf6 7. Bg5 dxc4 8.
e3 b5 9. a4 Qd5 10. axb5 Qxb5 11. Nd2 Qxg5 12. Nxc4 O-O 13. Qf3 Nd5 14. Bd3 Bb7
15. Na5 Nxa5 16. Rxa5 Qd8 17. Qh3 h6 0-1

[Event "AUTO-MASTER-542"]
[Site "http://www.queenalice.com/game.php?id=416035"]
[Date "2008.6.11"]
[Round "1"]
[White "anandya"]
[Black "tempii"]
[Result "0-1"]
[WhiteElo "1906"]
[BlackElo "2137"]

1. e4 c5 2. Bc4 Nc6 3. Qf3 Nf6 4. Ne2 d6 5. Nbc3 Ne5 6. Bb5+ Nfd7 7. Qg3 a6 8.
Bxd7+ Bxd7 9. d3 g6 10. Nd5 Bc6 11. Nec3 b5 12. a3 Bg7 13. O-O b4 14. axb4 Bxd5
15. Nxd5 cxb4 16. Nxb4 O-O 17. Rxa6 Rxa6 18. Nxa6 Qb6 19. Bg5 Nc6 20. Ra1 Qxb2
21. Rc1 Qb6 22. Ra1 Bxa1 0-1

[Event "AUTO-MASTER-540"]
[Site "http://www.queenalice.com/game.php?id=500734"]
[Date "2008.12.1"]
[Round "2"]
[White "chicalleje"]
[Black "tempii"]
[Result "1-0"]
[WhiteElo "1651"]
[BlackElo "2145"]

1. e4 c5 2. Nf3 d6 3. d4 cxd4 4. Qxd4 a6 5. Be3 Nc6 6. Qd2 Nf6 7. Nc3 e6 8. Bd3
Be7 9. O-O b5 10. Rad1 Bb7 11. Rfe1 O-O 12. a3 Qa5 13. Nd4 b4 14. axb4 Qxb4 15.
Nb3 a5 16. Ra1 a4 17. Nc1 a3 18. bxa3 1-0

[Event "AUTO-MASTER-540"]
[Site "http://www.queenalice.com/game.php?id=500735"]
[Date "2008.12.1"]
[Round "2"]
[White "tempii"]
[Black "chicalleje"]
[Result "0-1"]
[WhiteElo "2122"]
[BlackElo "1681"]

1. d4 d5 2. Nf3 Nf6 3. e3 Bg4 4. h3 Bxf3 5. Qxf3 e6 6. Bd3 c5 7. b3 cxd4 8. exd4
Bd6 9. Bb2 O-O 10. O-O Nbd7 11. Qe2 a6 12. Nd2 b5 13. f4 Qc7 14. Qf2 Rac8 15.
Qh4 Rfe8 16. Rae1 Nf8 17. Re2 Ng6 18. Bxg6 hxg6 19. Nf3 Bxf4 0-1

[Event "AUTO-MASTER-540"]
[Site "http://www.queenalice.com/game.php?id=500736"]
[Date "2008.12.1"]
[Round "2"]
[White "StenioVS"]
[Black "tempii"]
[Result "1-0"]
[WhiteElo "2163"]
[BlackElo "2157"]

1. d4 Nf6 2. c4 g6 3. Nc3 d6 4. e4 Bg7 5. Nf3 O-O 6. Be2 Na6 7. O-O c5 8. Bg5
cxd4 9. Nxd4 Qb6 10. Ndb5 Nb4 11. a3 1-0

[Event "AUTO-MASTER-540"]
[Site "http://www.queenalice.com/game.php?id=500737"]
[Date "2008.12.1"]
[Round "2"]
[White "tempii"]
[Black "StenioVS"]
[Result "0-1"]
[WhiteElo "2194"]
[BlackElo "2137"]

1. d4 d6 2. Nf3 Nf6 3. Bg5 Ne4 4. Bh4 g6 5. Nbd2 Bf5 6. e3 Bg7 7. Bd3 d5 8. c4
c6 9. Qb3 Nxd2 10. Nxd2 Bxd3 0-1

[Event "AUTO-MASTER-542"]
[Site "http://www.queenalice.com/game.php?id=505675"]
[Date "2008.12.10"]
[Round "2"]
[White "tempii"]
[Black "CCapivara"]
[Result "0-1"]
[WhiteElo "2168"]
[BlackElo "2194"]

1. d4 d5 2. Nf3 Nf6 3. Bg5 e6 4. e3 Be7 5. Bd3 O-O 6. Qe2 c5 7. c3 Qb6 8. dxc5
Qxc5 9. Nbd2 Nc6 10. O-O e5 11. e4 dxe4 12. Nxe4 Nxe4 0-1

[Event "AUTO-MASTER-542"]
[Site "http://www.queenalice.com/game.php?id=505676"]
[Date "2008.12.10"]
[Round "2"]
[White "CCapivara"]
[Black "tempii"]
[Result "1-0"]
[WhiteElo "2182"]
[BlackElo "2180"]

1. e4 c5 2. Nf3 d6 3. d4 cxd4 4. Nxd4 Nf6 5. Nc3 a6 6. Bg5 e6 7. f4 Qc7 8. Qf3
b5 9. O-O-O Bb7 10. a3 Nbd7 11. g4 Nc5 12. Bd3 1-0

[Event "Let's Play Chess!"]
[Site "http://www.queenalice.com/game.php?id=564813"]
[Date "2009.4.1"]
[Round "-"]
[White "kronsteen"]
[Black "tempii"]
[Result "1-0"]
[WhiteElo "2134"]
[BlackElo "2084"]

1. d4 Nf6 2. c4 g6 3. Nc3 d6 4. e4 Bg7 5. Nf3 O-O 6. Be2 Na6 7. O-O e5 8. d5 Nc5
9. Qc2 a5 10. Be3 Ne8 11. Bxc5 dxc5 12. Ne1 f5 13. f3 Nd6 14. b3 Rf7 15. Nd3 b6
16. Rae1 f4 17. Nd1 g5 18. N1f2 h5 19. h3 Bh8 20. Rc1 Rh7 21. a3 Bd7 22. b4 axb4
23. axb4 Nb7 24. bxc5 bxc5 25. Ra1 Bf6 26. Qb2 Rb8 27. Rfb1 Be7 28. Ra7 Bc8 29.
Qa2 g4 30. fxg4 hxg4 31. Nxg4 1-0

[Event "Let's Play Chess!"]
[Site "http://www.queenalice.com/game.php?id=564814"]
[Date "2009.4.1"]
[Round "-"]
[White "tempii"]
[Black "kronsteen"]
[Result "0-1"]
[WhiteElo "2099"]
[BlackElo "2113"]

1. Nf3 d5 2. d4 Nf6 3. e3 e6 4. Bd3 c5 5. b3 Nc6 6. O-O Be7 7. Bb2 O-O 8. Ne5
Bd7 9. f4 Rc8 10. Nc3 a6 11. Ng4 Nb4 12. Nxf6+ Bxf6 13. a3 Nxd3 14. Qxd3 b5 15.
Rf3 c4 16. Qe2 cxb3 17. cxb3 g6 18. Qf2 Rc7 19. g4 g5 20. Rf1 Bc8 21. fxg5 Bxg5
22. Qg3 Qe7 23. Qe5 Bb7 24. R1f2 h6 25. Ne2 Rc2 26. Ng3 Rxf2 27. Rxf2 f6 0-1

[Event "3/7"]
[Site "http://www.queenalice.com/game.php?id=565023"]
[Date "2009.4.1"]
[Round "-"]
[White "tempii"]
[Black "dhoang"]
[Result "0-1"]
[WhiteElo "2070"]
[BlackElo "2053"]

1. Nf3 d5 2. d4 Nf6 3. e3 g6 4. Bd3 Bg7 5. b3 O-O 6. O-O Nbd7 7. Bb2 c5 8. Nbd2
b6 9. Ne5 Nxe5 10. dxe5 Ng4 11. Nf3 Qc7 12. Be2 Nxe5 13. Qxd5 Nxf3+ 14. Bxf3 Be6
15. Qg5 Bxb2 16. Bxa8 Bxa1 0-1

[Event "3/7"]
[Site "http://www.queenalice.com/game.php?id=565024"]
[Date "2009.4.1"]
[Round "-"]
[White "dhoang"]
[Black "tempii"]
[Result "0-1"]
[WhiteElo "2070"]
[BlackElo "2053"]

1. e4 c5 2. Nf3 d6 3. d4 cxd4 4. Nxd4 a6 5. a4 Nf6 6. Nc3 e5 7. Nb3 Be7 8. Be2
b6 9. Be3 Bb7 10. Bf3 Nbd7 11. O-O Nc5 12. Nd2 O-O 13. Bxc5 dxc5 14. Nc4 Qc7 15.
Qe2 Rfd8 16. Rad1 Bc6 17. Ne3 Rab8 18. Qxa6 Ra8 19. Qc4 Rd4 20. Rxd4 exd4 21.
Ned5 Qe5 22. Nxf6+ gxf6 23. Nb5 f5 24. Re1 fxe4 25. Bxe4 Bxe4 26. Qe2 Rxa4 27.
f3 Rb4 28. Rb1 Rxb5 0-1